Desarrollando la Expresión Oral del Castellano como Segunda Lengua : Mediante canciones, narraciones y conversaciones en estudiantes / (Record no. 22770)

000 -CABECERA
fixed length control field 01408nam a22002657i 4500
003 - IDENTIFICADOR DEL NÚMERO DE CONTROL
control field AR-CdUCM
008 - DATOS DE LONGITUD FIJA--INFORMACIÓN GENERAL
fixed length control field 240129b20182018pe ||||| |||| 00| 0 spa d
040 ## - FUENTE DE LA CATALOGACIÓN
Agencia/entidad que catalogó originalmente la obra MUNICIPALIDAD PROVINCIAL DEL CUSCO
Entidad que transcribió la catalogación BIBLIOTECA MUNICIPAL DEL CUSCO
082 ## - NÚMERO DE LA CLASIFICACIÓN DECIMAL DEWEY
No. de Clasificación 372.6561044 / C36
Notacion interna C36
100 ## - ENTRADA PRINCIPAL--NOMBRE DE PERSONA
Nombre Personal Catunta Machaca, Porfirio Alejandro
245 ## - MENCIÓN DE TÍTULO
Título Desarrollando la Expresión Oral del Castellano como Segunda Lengua : Mediante canciones, narraciones y conversaciones en estudiantes /
260 ## - PUBLICACIÓN, DISTRIBUCIÓN, ETC.
Lugar de publicación, distribución, etc. Sicuani-Cusco :
Fecha de publicación, distribución, etc. 2018
300 ## - DESCRIPCIÓN FÍSICA
Nº de Páginas Extensión 131 páginas. :
Dimensiones 21 cm.
500 ## - NOTA GENERAL
Bibliografía Bibliografía: páginas 96-97
505 ## - NOTA DE CONTENIDO CON FORMATO
Nota de contenido formateada Reseña histórica de la Comunidad de Chilcani Mosocllacta -- Institución Educativa de Primaria 56372 de Chilcani -- Flora y fauna de Chilcani -- Saber escuchar -- Formas de expresión oral -- Métodos de la enseñanza de la segunda lengua -- Niveles de aprendizaje del castellano -- Interferencias lingüísticas -- Recomendaciones técnicas para el aprendizaje de la lengua castellana
650 ## - PUNTO DE ACCESO ADICIONAL DE MATERIA--TÉRMINO DE MATERIA
Descriptor Aprendizaje de la lengua castellana
9 (RLIN) 49359
650 ## - PUNTO DE ACCESO ADICIONAL DE MATERIA--TÉRMINO DE MATERIA
Descriptor Comunidad de Chilcani
9 (RLIN) 49360
650 ## - PUNTO DE ACCESO ADICIONAL DE MATERIA--TÉRMINO DE MATERIA
Descriptor Estrategias metodológicas
9 (RLIN) 49361
650 ## - PUNTO DE ACCESO ADICIONAL DE MATERIA--TÉRMINO DE MATERIA
Descriptor Castellanización
9 (RLIN) 49362
650 ## - PUNTO DE ACCESO ADICIONAL DE MATERIA--TÉRMINO DE MATERIA
Descriptor Niveles de aprendizaje del castellano como segunda lengua
9 (RLIN) 49363
650 ## - PUNTO DE ACCESO ADICIONAL DE MATERIA--TÉRMINO DE MATERIA
Descriptor Variedades del castellano en el Perú
9 (RLIN) 49364
942 ## - ELEMENTOS DE PUNTO DE ACCESO ADICIONAL (KOHA)
Fuente de clasificación
Tipo de item Libros-BMC
945 ## - PROCESAMIENTO DE INFORMACIÓN LOCAL (OCLC)
Catalogador pbj
AAAA-MM-DD - Fecha de ingreso o modificacion 29-01-2024
Holdings
Estado de retiro (separado) Fuente de clasificación o esquema de estanterías Estado dañado Ubicación Sala donde se ubica Nombre de la colección Fecha de adquisición o compra Fuente de adquisición Costo, precio normal en soles Signatura topográfica Código de Barras Última vez visto (Koha) Tipo de ítem (Koha)
No     Sala Humanidades Sala Humanidades Book Cart 2024-01-29 Depósito Legal 10.00 372.6561044 / C36 SH0000016590 2024-01-29 Libros-BMC

Powered by Koha